Mazagao şehirler de göçer : (Record no. 13316)

MARC details
000 -BAŞLIK
Sabit Uzunlukta Kontrol Alanı 00885nam a22002417a 4500
999 ## - SİSTEM KONTROL NUMARALARI (KOHA)
Koha Biblionumber 13316
Koha Biblioitemnumber 13316
003 - KONTROL NUMARASI IDENTIFIER
Denetim Alanı MIRAKIL
005 - SON İŞLEM TARİHİ VE ZAMANI
Denetim Alanı 20190617145854.0
008 - SABİT-BOY VERİ ELEMANLARI - GENEL BİLGİLER
Sabit Uzunlukta Kontrol Alanı 190617b tu ||||| |||| 00| 0 tur d
020 ## - ULUSLARARASI STANDART KİTAP NUMARASI
Uluslararası Standart Kitap Numarası 9789944889179
040 ## - KATALOGLAMA KAYNAK
Orijinal Kataloglama Ajansı TR-AnCHP
Metne Dönüştürmek Ajansı TR-AnCHP
041 ## - DİL KODU
Metin / Ses Parça Veya Ayrı Başlığın Dil Kodu tur
082 ## - DEWEY ONLU SINIFLANDIRMA NUMARASI
Sınıflandırma Numarası 304.890642
Ürün Numarası V52m 2010
100 ## - ANA GİRİŞ - KİŞİSEL İSİM
Kişisel Ad Vidal, Laurent
245 10 - BAŞLIK TABLOSU
Başlık Mazagao şehirler de göçer :
Başlığın Kalan Fas'tan Amazonlar'a (1769-1783) /
Sorumluluk Tablosu, Vb Laurent Vidal ; çeviren Nedim Demirtaş.
260 ## - YAYIN, DAĞITIM, VB
Yayın, Dağıtım, Vb Yeri İstanbul :
Yayıncı, Dağıtıcı, Vs Adı Türkiye İş Bankası Kültür Yayınları,
Yayın, Dağıtım, Vb Tarihi 2010.
300 ## - FİZİKSEL TANIM
Kapsam VIII, 280 s.:
Diğer Fiziksel Ayrıntıları hrt., tbl.;
Boyutlar 23 sm.
490 0# - SERİSİ TABLOSU
Seri Beyanı Türkiye İş Bankası Kültür Yayınları;
Hacim / Ardışık Tanımı Genel yayın: 1943.
650 #0 - KONU KATMA GİRİŞ - TOPİKAL DÖNEM
9 (RLIN) 453
Topikal Süreli Veya Coğrafi Ad Giriş Elemanı Göç, uluslararası
Coğrafi Alt Bölümü Fas
Kronolojik Alt Bölümü 1769-1783
651 #0 - KONU KATMA GİRİŞ - COĞRAFİ ADI
9 (RLIN) 5822
Coğrafi İsim Mazagao, Fas
Genel Alt Bölümü Zorunlu göç
Kronolojik Alt Bölümü 1769-1783
700 ## - KATMA GİRİŞ - KİŞİSEL İSİM
9 (RLIN) 5823
Kişisel Ad Demirtaş, Nedim
Relator Terim çev.
740 ## - KATMA GİRİŞ - KONTROLSUZ İLGİLİ / ANALİTİK BAŞLIK
Kontrol Edilmeyen / İlgili Analitik Başlıktaki Fas'tan Amazon'a (1769-1783)
942 ## - EKLENDİ GİRİŞ ELEMANLARI (KOHA)
Sınıflandırma Veya Raf Düzeni Kaynak Dewey Decimal Classification
Koha Öğesi Türü Books
Holdings
Kalıcı Konum Mevcut Konum Edinme Tarihi Toplam Check-Out'Lar Tam Çağrı Numarası Barkod Tarih Son Görülme İtibaren Geçerli Fiyatlar Koha Öğesi Türü
CHP Kütüphanesi CHP Kütüphanesi 06/17/2019   304.890642 V52m 2010 019212 06/17/2019 06/17/2019 Books